000 01008cam a2200349 4500
001 4368
003 DO-SdBNP
005 20180216133428.0
007 4368
008 081103s2003 sp a | |||| 000 1 spa
015 _a
017 _a
_b
020 _a8434894785
035 _a
040 _aBPMSU
_bspa
_cBPMSU
_e
080 _a
082 _a863.6
_bM539n
100 1 _aMendo, Miguel Ángel
_d1949-
245 1 0 _aNo te lo tomes al pie de la letra /
_cMiguel Ángel Mendo ; ilustraciones, Emilio Urberuaga
_h
250 _a
260 _aMadrid :
_bSM,
_c2003
300 _a123 p.;
_bil. :
_c19 cm
490 1 _aEl barco de vapor. ;
_aSerie naranja
_v157
500 _aA apartin de 9 años
650 _aNOVELA INFANTIL ESPAÑOL
650 _aLITERATURA INFANTIL ESPAÑOLA
700 1 _aUrberuaga, Emilio
_d1954-
830 3 _aEl barco de vapor. ;
_pSerie naranja
_v157
942 _2ddc
_cBK
945 _aInventariado, 2018 /LP
956 _a VMATEO
_b10
_c20161124
_dBPMSU
_f0069
999 _c12090
_d12090